| 000 | 00661nam a2200241 a 4500 | ||
|---|---|---|---|
| 001 | 0001-1164 | ||
| 003 | ELIB.Books | ||
| 008 | 150506 2010 eng | ||
| 020 | _a9780817016456 | ||
| 035 | _a(ELIB.Books)0001-1319 | ||
| 092 |
_a254 .5 _bSpi |
||
| 100 | _aSpitzer, Lee B. | ||
| 245 |
_aMaking Friends, Making Disciples: _bGrowing Your Church through Authentic Relationships |
||
| 260 |
_aValley Forge _bJudson Press _c2010 |
||
| 300 |
_a161 _c21.5 Cm |
||
| 500 | _alibrary | ||
| 650 | _aChurch Growth | ||
| 856 |
_nKBTS: Library _uKBTS: Elib |
||
| 942 |
_2ddc _cBK |
||
| 990 | _a1 | ||
| 998 |
_cbat _e2015-05-06 |
||
| 999 |
_c11164 _d11164 |
||